000 00417cam a2200169ua 4500
020 _cRs.2.50
041 _aeng
_h
082 _a923.2
_bNAR/KA
100 _aNarasimham, V.K .
245 _aKasturi Ranga Iyengar /
_cV.K Narasimham.
_hTextual Documents
260 _aIndia :
_bPublications Division ,
_c1963.
300 _a230 ; .
365 _aRs.2.50
504 _a
942 _cBK
999 _c500
_d500